| 000 | 01152cam a2200301 a 4500 | ||
|---|---|---|---|
| 003 | OSt | ||
| 005 | 20210813120027.0 | ||
| 008 | 130829t 2012enk r 000 0 eng d | ||
| 020 | _a9781848441033 | ||
| 040 |
_aDLC _cCO-JMCR |
||
| 041 | 0 | _aeng | |
| 082 | 0 | 4 |
_a332.4 / _bW943t _223 |
| 100 | 1 |
_aWray, L. Randall, _eauthor _939356 |
|
| 245 | 1 | 0 |
_aTheories of money and banking / _cL. Randall Wray |
| 260 |
_aNorthampton, Massachusetts : _bEdward Elgar Publishing, _c2012. |
||
| 300 |
_a1 v. (xi, 670 p.) _bblack and white illustrations and graphics ; _c25 cm. |
||
| 490 |
_aThe international library of critical writings in economics ; _v268 |
||
| 504 | _aIncluye referencias bibliográficas. | ||
| 505 | 2 |
_gv. 1. / _tdevelopment of heterodox approaches to money and banking _gv. 2. / _tAlternative approaches to money, financial institutions and policy |
|
| 650 | 1 | 4 |
_aTeoría monetaria _94782 |
| 650 | 2 | 4 |
_aMoneda _939357 |
| 650 | 2 | 4 |
_aBancos _939358 |
| 650 | 2 | 4 |
_aEstabilidad económica _939359 |
| 650 | 2 | 4 |
_aFinanzas _939360 |
| 650 | 2 | 4 |
_aEquilibrio _96011 |
| 942 |
_2ddc _cBK |
||
| 999 |
_c12182 _d12182 |
||